Where's That US City? Map Click #2 - Statistics

General Stats
  • This quiz has been taken 3,240 times
  • The average score is 15 of 25
Answer Stats
Hint Answer % Correct
Where is... Boston?
86%
Where is... Philadelphia?
84%
Where is... San Diego?
84%
Where is... Colorado Springs?
81%
Where is... Tampa?
81%
Where is... Memphis?
79%
Where is... Cincinnati
78%
Where is... Detroit?
76%
Where is... Charlotte?
69%
Where is... Oklahoma City?
67%
Where is... Spokane?
65%
Where is... St. Louis?
63%
Where is... Cheyenne?
62%
Where is... Billings?
59%
Where is... Burlington, VT?
58%
Where is... Green Bay?
57%
Where is... El Paso?
57%
Where is... Milwaukee?
52%
Where is... Fort Lauderdale?
50%
Where is... Tucson?
49%
Where is... Corpus Christi?
48%
Where is... Kansas City?
36%
Where is... Salt Lake City?
35%
Where is... Houston?
35%
Where is... Honolulu?
31%
No matching quizzes found
Score Distribution
Percent of People with Each Score
Percentile by Number Answered
Your Score History
You have not taken this quiz